000 00461nam a2200145Ia 4500
008 230917s9999||||xx |||||||||||||| ||und||
040 _e174478
_aMAIN
041 _aEnglish
082 _a891.43301731 SR96G
100 _aसांवत, रधुवंश दयाल
245 0 _aगुमशुद्धा की तलाश
260 _aलखनऊ
_bरामचरण लाल अग्रवाल
_c1981
300 _a50 पृ. p.
942 _cHN
999 _c44903
_d44903